MARC

LEADER 00000nam0a2200000 4500
001 112550
005 20231031121502.0
010 |a 5288002061 
020 |a RU  |b 88-89395 
035 |a (RuTPU)RU\TPU\book\121695 
090 |a 112550 
100 |a 20070329d1988 m y0rusy5003 ca 
101 0 |a rus 
102 |a RU 
105 |a a z 001zy 
200 1 |a Статика и динамика элементов криогенных систем  |f Е. И. Борзенко  |g Ленинградский технологический институт холодильной промышленности 
210 |a Ленинград  |c Изд-во Ленинградского ун-та  |d 1988 
215 |a 212 с.  |c ил. 
320 |a Библиогр.: с. 205-210. 
610 1 |a криогенные системы 
610 1 |a статика 
610 1 |a динамика 
610 1 |a уравнения 
610 1 |a характеристики 
675 |a 621.59:53  |v 3 
700 1 |a Борзенко  |b Е. И.  |g Евгений Иванович  |4 070 
712 0 2 |a Ленинградский технологический институт холодильной промышленности  |2 stltpush  |3 (RuTPU)RU\TPU\col\11592 
801 0 |a RU  |b RuMRKP  |c 19950417  |g psbo 
801 1 |a RU  |b 63413507  |c 20070329  |g PSBO 
801 2 |a RU  |b 63413507  |c 20071204  |g PSBO 
942 |c BK